La mortalidad infantil en México durante los años de crisis /
Estudio sobre la relación entre mortalidad infantil y crisis económica en México, apoyado en el análisis de tres encuestas nacionales sobre fecundidad realizadas en tres coyunturas del país muy precisas: 1976, momento previo a la fase aguda de la crisis; 1987, momento coincidente con el cambio en la...
שמור ב:
| מחבר ראשי: | |
|---|---|
| פורמט: | ספר |
| שפה: | ספרדית |
| יצא לאור: |
Cuernavaca, México :
UNAM, Centro Regional de Investigaciones Multidisciplinarias,
2001, c2001
|
| נושאים: | |
| תגים: |
אין תגיות, היה/י הראשונ/ה לתייג את הרשומה!
|
MARC
| LEADER | 00000nam^a2200000^a^4500 | ||
|---|---|---|---|
| 001 | 000136863 | ||
| 005 | 20250521000000.0 | ||
| 009 | 20260310095333.292 | ||
| 020 | |a 968-36-7785-1 | ||
| 037 | |a Acervo ITESO - Biblioteca | ||
| 041 | |a ESP | ||
| 082 | |a 304. 640972063 |b HER | ||
| 100 | |a Hernández Bringas, Héctor Hiram |e (autor) | ||
| 245 | 1 | 3 | |a La mortalidad infantil en México durante los años de crisis / |c H.H. Hernández Bringas. |
| 264 | 4 | |a Cuernavaca, México : |b UNAM, Centro Regional de Investigaciones Multidisciplinarias, |c 2001, c2001 | |
| 300 | |a 295 p. | ||
| 336 | |a texto |b txt |2 rdacontenido | ||
| 337 | |a sin mediación |b n |2 rdamedio | ||
| 338 | |a volumen |b nc |2 rdasoporte | ||
| 520 | |a Estudio sobre la relación entre mortalidad infantil y crisis económica en México, apoyado en el análisis de tres encuestas nacionales sobre fecundidad realizadas en tres coyunturas del país muy precisas: 1976, momento previo a la fase aguda de la crisis; 1987, momento coincidente con el cambio en las orientaciones de las políticas económica y social, y 1991, cuando pueden apreciarse importantes deterioros en las condiciones de vida de la población a causa de la crisis y el ajuste estructural. | ||
| 649 | |a XX | ||
| 650 | |a Mortalidad Infantil - |z México - |x Historia | ||
| 650 | |a Fecundidad - |z México - |x Historia | ||
| 650 | |a Crisis Económica - |z México - |x Historia | ||
| 650 | |a Problemas Sociales - |z México - |x Historia | ||
| 650 | |a Población - |z México - |x Historia - |y 1946-2000 | ||
| 650 | |a Población - |z México - |x Historia - |y Siglo XX | ||
| 650 | |a Economía - |z México - |x Historia | ||
| 650 | |a Demografía | ||
| 650 | |a Sociología | ||
| 650 | |a México - |x Condiciones Económicas | ||
| 910 | |a Fondo General | ||
| 920 | |a Impresos - Libros | ||
| 930 | |a Colección General | ||
| 905 | |a 101 | ||
| 901 | |a 0500065646 |b IT1 |c ACC |u 20250521 | ||
| 902 | |a https://opac.biblio.iteso.mx/vufind/Record/000136863 | ||